[Event "Baku Chess Olympiad | Open"]
[Site "chess24.com"]
[Date "2016.09.03"]
[Round "2"]
[White "Salgado Lopez, Ivan"]
[Black "Andersen, Mads"]
[Result "1/2-1/2"]
[Board "2"]
[WhiteID "2257327"]
[WhiteElo "2662"]
[WhiteTitle "GM"]
[WhiteCountry "ESP"]
[WhiteFideId "2257327"]
[WhiteEloChange "-2"]
[BlackID "1413864"]
[BlackElo "2535"]
[BlackTitle "GM"]
[BlackCountry "DEN"]
[BlackFideId "1413864"]
[BlackEloChange "2"]

1. e4 {[%clk 1:30:56]} c5 {[%clk 1:30:47]} 2. Nf3 {[%clk 1:31:16]} d6 {[%clk
1:31:09]} 3. d4 {[%clk 1:31:40]} cxd4 {[%clk 1:31:33]} 4. Nxd4 {[%clk 1:32:04]}
Nf6 {[%clk 1:31:52]} 5. f3 {[%clk 1:32:26]} e5 {[%clk 1:27:30]} 6. Nb3 {[%clk
1:32:44]} d5 {[%clk 1:17:20]} 7. Bg5 {[%clk 1:32:22]} Be6 {[%clk 1:10:05]} 8.
Bxf6 {[%clk 1:29:01]} gxf6 {[%clk 1:10:10]} 9. exd5 {[%clk 1:29:17]} Qxd5 {[%clk
1:03:49]} 10. Qxd5 {[%clk 1:28:50]} Bxd5 {[%clk 1:04:17]} 11. Nc3 {[%clk
1:29:10]} Be6 {[%clk 0:58:05]} 12. Nb5 {[%clk 1:28:38]} Kd8 {[%clk 0:54:56]} 13.
O-O-O+ {[%clk 1:28:26]} Kc8 {[%clk 0:54:24]} 14. Nd6+ {[%clk 1:22:48]} Bxd6
{[%clk 0:54:44]} 15. Rxd6 {[%clk 1:23:10]} Kc7 {[%clk 0:53:01]} 16. Rd2 {[%clk
1:19:31]} b6 {[%clk 0:50:11]} 17. Bd3 {[%clk 1:09:35]} Nc6 {[%clk 0:49:18]} 18.
Be4 {[%clk 1:08:19]} Rad8 {[%clk 0:47:36]} 19. Re1 {[%clk 1:04:20]} h5 {[%clk
0:43:27]} 20. Rxd8 {[%clk 0:58:42]} Rxd8 {[%clk 0:41:21]} 21. Nd2 {[%clk
0:57:35]} h4 {[%clk 0:35:35]} 22. Nf1 {[%clk 0:51:40]} Ne7 {[%clk 0:31:42]} 23.
a3 {[%clk 0:51:22]} Rg8 {[%clk 0:28:36]} 24. g4 {[%clk 0:50:57]} hxg3 {[%clk
0:25:25]} 25. hxg3 {[%clk 0:51:19]} f5 {[%clk 0:18:36]} 26. Bd3 {[%clk 0:51:35]}
f6 {[%clk 0:18:10]} 27. Kd2 {[%clk 0:50:57]} Kd6 {[%clk 0:13:07]} 28. Ke2 {[%clk
0:50:18]} f4 {[%clk 0:09:25]} 29. Rd1 {[%clk 0:38:12]} Kc7 {[%clk 0:05:30]} 30.
gxf4 {[%clk 0:34:37]} exf4 {[%clk 0:05:32]} 31. Ke1 {[%clk 0:30:09]} Nc6 {[%clk
0:04:30]} 32. Rd2 {[%clk 0:27:29]} Ne5 {[%clk 0:04:00]} 33. Be2 {[%clk 0:27:46]}
Bf5 {[%clk 0:01:02]} 34. Rd4 {[%clk 0:20:35]} Bxc2 {[%clk 0:01:10]} 35. Rxf4
{[%clk 0:20:56]} Nd3+ {[%clk 0:00:32]} 36. Bxd3 {[%clk 0:20:57]} Bxd3 {[%clk
0:01:00]} 37. Ne3 {[%clk 0:20:48]} f5 {[%clk 0:01:13]} 38. Rd4 {[%clk 0:16:55]}
Bb1 {[%clk 0:01:10]} 39. Kf2 {[%clk 0:16:28]} Rh8 {[%clk 0:00:45]} 40. Kg3 {[%clk
0:44:59]} Rh1 {[%clk 0:30:45]} 41. Rd2 {[%clk 0:39:16]} Kc6 {[%clk 0:26:34]} 42.
Kf4 {[%clk 0:36:50]} Kb5 {[%clk 0:24:19]} 43. b3 {[%clk 0:26:53]} Rc1 {[%clk
0:18:52]} 44. Rb2 {[%clk 0:22:16]} Kc5 {[%clk 0:14:20]} 45. Nxf5 {[%clk 0:20:17]}
Bxf5 {[%clk 0:14:19]} 46. Kxf5 {[%clk 0:20:42]} Kd4 {[%clk 0:14:38]} 47. f4
{[%clk 0:19:38]} Kc3 {[%clk 0:14:28]} 48. Rf2 {[%clk 0:19:48]} Kxb3 {[%clk
0:14:16]} 49. Rf3+ {[%clk 0:20:09]} Ka4 {[%clk 0:13:18]} 50. Ke6 {[%clk 0:19:02]}
Rc6+ {[%clk 0:08:02]} 51. Kd7 {[%clk 0:18:16]} Rf6 {[%clk 0:07:51]} 52. f5 {[%clk
0:17:38]} b5 {[%clk 0:06:39]} 53. Ke7 {[%clk 0:17:36]} Rb6 {[%clk 0:05:20]} 54.
f6 {[%clk 0:17:54]} a5 {[%clk 0:05:12]} 55. f7 {[%clk 0:18:04]} Rb8 {[%clk
0:05:18]} 56. f8Q {[%clk 0:13:42]} Rxf8 {[%clk 0:05:42]} 57. Rxf8 {[%clk
0:14:04]} Kxa3 {[%clk 0:04:07]} 58. Rf3+ {[%clk 0:12:32]} Ka2 {[%clk 0:02:07]}
59. Rf2+ {[%clk 0:08:53]} Ka1 {[%clk 0:01:49]} 60. Rf1+ {[%clk 0:08:13]} Ka2
{[%clk 0:02:00]} 61. Rf5 {[%clk 0:05:38]} a4 {[%clk 0:02:13]} 62. Rxb5 {[%clk
0:04:40]} a3 {[%clk 0:02:35]} 63. Kd6 {[%clk 0:04:41]} Ka1 {[%clk 0:03:00]} 64.
Kc5 {[%clk 0:04:52]} a2 {[%clk 0:03:23]} 65. Kb4 {[%clk 0:04:41]} Kb2 {[%clk
0:03:42]} 66. Kc4+ {[%clk 0:04:54]} Kc2 {[%clk 0:03:35]} 67. Ra5 {[%clk 0:05:16]}
Kb2 {[%clk 0:03:49]} 68. Rxa2+ {[%clk 0:05:41]} Kxa2 {[%clk 0:03:49]} 1/2-1/2

[Event "Baku Chess Olympiad | Open"]
[Site "chess24.com"]
[Date "2016.09.03"]
[Round "2"]
[White "Navara, David"]
[Black "Stefansson, Hannes"]
[Result "1-0"]
[Board "1"]
[WhiteID "309095"]
[WhiteElo "2742"]
[WhiteTitle "GM"]
[WhiteCountry "CZE"]
[WhiteFideId "309095"]
[WhiteEloChange "3"]
[BlackID "2300087"]
[BlackElo "2574"]
[BlackTitle "GM"]
[BlackCountry "ISL"]
[BlackFideId "2300087"]
[BlackEloChange "-3"]

1. d4 {[%clk 1:30:57]} Nf6 {[%clk 1:30:46]} 2. c4 {[%clk 1:31:22]} e6 {[%clk
1:31:01]} 3. Nc3 {[%clk 1:31:47]} Bb4 {[%clk 1:31:09]} 4. e3 {[%clk 1:32:12]} O-O
{[%clk 1:31:06]} 5. Bd3 {[%clk 1:32:35]} d5 {[%clk 1:30:31]} 6. cxd5 {[%clk
1:32:19]} exd5 {[%clk 1:30:41]} 7. Ne2 {[%clk 1:32:37]} Re8 {[%clk 1:22:53]} 8.
O-O {[%clk 1:32:55]} Bd6 {[%clk 1:20:12]} 9. Bd2 {[%clk 1:33:14]} a6 {[%clk
1:16:35]} 10. Rc1 {[%clk 1:28:09]} b6 {[%clk 1:11:18]} 11. Ng3 {[%clk 1:23:35]}
c5 {[%clk 1:07:32]} 12. Bb1 {[%clk 1:11:06]} Be6 {[%clk 1:02:14]} 13. dxc5 {[%clk
1:00:01]} Bxc5 {[%clk 0:56:40]} 14. Nce2 {[%clk 0:49:23]} Nbd7 {[%clk 0:54:47]}
15. Bc3 {[%clk 0:49:20]} Bd6 {[%clk 0:49:27]} 16. Nd4 {[%clk 0:39:45]} Rc8 {[%clk
0:46:14]} 17. Qe2 {[%clk 0:28:51]} b5 {[%clk 0:43:59]} 18. Nxe6 {[%clk 0:27:51]}
fxe6 {[%clk 0:43:50]} 19. e4 {[%clk 0:28:12]} Bf4 {[%clk 0:38:17]} 20. Rce1
{[%clk 0:21:09]} Be5 {[%clk 0:37:53]} 21. Bxe5 {[%clk 0:21:12]} Nxe5 {[%clk
0:38:17]} 22. f4 {[%clk 0:20:17]} Qb6+ {[%clk 0:37:54]} 23. Kh1 {[%clk 0:20:33]}
Ng6 {[%clk 0:35:28]} 24. e5 {[%clk 0:18:48]} Nd7 {[%clk 0:35:52]} 25. Qh5 {[%clk
0:12:18]} Ndf8 {[%clk 0:34:15]} 26. f5 {[%clk 0:12:40]} exf5 {[%clk 0:34:27]} 27.
Nxf5 {[%clk 0:13:01]} Rcd8 {[%clk 0:24:12]} 28. Nd6 {[%clk 0:11:52]} Re6 {[%clk
0:23:49]} 29. Qf3 {[%clk 0:09:27]} Nxe5 {[%clk 0:22:02]} 30. Rxe5 {[%clk
0:09:42]} Qxd6 {[%clk 0:22:18]} 31. Qf7+ {[%clk 0:09:53]} Kh8 {[%clk 0:22:43]}
32. Rxd5 {[%clk 0:10:13]} 1-0

[Event "Baku Chess Olympiad | Open"]
[Site "chess24.com"]
[Date "2016.09.03"]
[Round "2"]
[White "Jobava, Baadur"]
[Black "Ghaem Maghami, Ehsan"]
[Result "1-0"]
[Board "1"]
[WhiteID "13601520"]
[WhiteElo "2665"]
[WhiteTitle "GM"]
[WhiteCountry "GEO"]
[WhiteFideId "13601520"]
[WhiteEloChange "4"]
[BlackID "12500739"]
[BlackElo "2566"]
[BlackTitle "GM"]
[BlackCountry "IRI"]
[BlackFideId "12500739"]
[BlackEloChange "-4"]

1. d4 {[%clk 1:30:33]} Nf6 {[%clk 1:30:33]} 2. Bg5 {[%clk 1:30:28]} d5 {[%clk
1:30:09]} 3. e3 {[%clk 1:30:33]} e6 {[%clk 1:20:05]} 4. Nd2 {[%clk 1:27:47]} c5
{[%clk 1:14:12]} 5. c3 {[%clk 1:27:57]} Be7 {[%clk 1:06:05]} 6. Bd3 {[%clk
1:27:43]} Nc6 {[%clk 0:56:08]} 7. f4 {[%clk 1:24:15]} Ng8 {[%clk 0:54:12]} 8.
Ngf3 {[%clk 1:23:38]} f5 {[%clk 0:54:04]} 9. dxc5 {[%clk 1:19:31]} Bxg5 {[%clk
0:52:38]} 10. Nxg5 {[%clk 1:19:37]} Nf6 {[%clk 0:53:03]} 11. O-O {[%clk 1:18:13]}
Qe7 {[%clk 0:51:12]} 12. b4 {[%clk 1:18:07]} e5 {[%clk 0:51:24]} 13. Re1 {[%clk
0:59:00]} h6 {[%clk 0:38:03]} 14. fxe5 {[%clk 0:54:04]} Qxe5 {[%clk 0:35:39]} 15.
e4 {[%clk 0:52:20]} fxe4 {[%clk 0:20:58]} 16. Ngxe4 {[%clk 0:52:30]} dxe4 {[%clk
0:20:24]} 17. Bxe4 {[%clk 0:52:55]} O-O {[%clk 0:19:13]} 18. Bxc6 {[%clk
0:53:21]} Qxc3 {[%clk 0:19:04]} 19. Ne4 {[%clk 0:53:47]} Nxe4 {[%clk 0:06:39]}
20. Bxe4 {[%clk 0:50:16]} Be6 {[%clk 0:02:43]} 21. Qd3 {[%clk 0:47:27]} Qxd3
{[%clk 0:02:51]} 22. Bxd3 {[%clk 0:47:51]} Rad8 {[%clk 0:02:47]} 23. Bf1 {[%clk
0:47:05]} Kf7 {[%clk 0:01:30]} 24. Re3 {[%clk 0:46:13]} Rd7 {[%clk 0:01:24]} 25.
Bb5 {[%clk 0:46:25]} Re7 {[%clk 0:01:16]} 26. Rf1+ {[%clk 0:46:45]} Kg8 {[%clk
0:01:42]} 27. Rxe6 {[%clk 0:46:22]} Rxe6 {[%clk 0:02:04]} 28. Bc4 {[%clk
0:46:47]} Re8 {[%clk 0:02:27]} 29. Re1 {[%clk 0:47:11]} Kf7 {[%clk 0:02:53]} 30.
Kf2 {[%clk 0:47:35]} Kf6 {[%clk 0:02:52]} 31. Rxe6+ {[%clk 0:47:43]} Rxe6 {[%clk
0:03:18]} 32. Bxe6 {[%clk 0:48:08]} Kxe6 {[%clk 0:03:45]} 33. Ke3 {[%clk
0:48:32]} Kd5 {[%clk 0:03:42]} 34. Kd3 {[%clk 0:48:57]} a5 {[%clk 0:03:07]} 35.
a3 {[%clk 0:49:18]} g5 {[%clk 0:03:19]} 36. g4 {[%clk 0:49:43]} axb4 {[%clk
0:02:38]} 37. axb4 {[%clk 0:50:08]} 1-0

[Event "Baku Chess Olympiad | Open"]
[Site "chess24.com"]
[Date "2016.09.03"]
[Round "2"]
[White "Tari, Aryan"]
[Black "Rahman, Ziaur"]
[Result "1-0"]
[Board "3"]
[WhiteID "1510045"]
[WhiteElo "2570"]
[WhiteTitle "GM"]
[WhiteCountry "NOR"]
[WhiteFideId "1510045"]
[WhiteEloChange "4"]
[BlackID "10200037"]
[BlackElo "2512"]
[BlackTitle "GM"]
[BlackCountry "BAN"]
[BlackFideId "10200037"]
[BlackEloChange "-4"]

1. e4 {[%clk 1:30:57]} c5 {[%clk 1:30:35]} 2. Nf3 {[%clk 1:31:21]} d6 {[%clk
1:30:23]} 3. d4 {[%clk 1:31:29]} cxd4 {[%clk 1:30:47]} 4. Nxd4 {[%clk 1:31:53]}
Nf6 {[%clk 1:31:09]} 5. Nc3 {[%clk 1:32:19]} Nc6 {[%clk 1:31:25]} 6. Bg5 {[%clk
1:32:05]} e6 {[%clk 1:31:45]} 7. Qd2 {[%clk 1:31:51]} a6 {[%clk 1:31:42]} 8.
O-O-O {[%clk 1:30:27]} Bd7 {[%clk 1:31:57]} 9. f4 {[%clk 1:30:39]} b5 {[%clk
1:32:04]} 10. Bxf6 {[%clk 1:30:12]} gxf6 {[%clk 1:32:25]} 11. Kb1 {[%clk
1:27:40]} Qb6 {[%clk 1:31:55]} 12. Nxc6 {[%clk 1:28:02]} Bxc6 {[%clk 1:32:18]}
13. f5 {[%clk 1:27:42]} b4 {[%clk 1:30:02]} 14. Ne2 {[%clk 1:28:01]} e5 {[%clk
1:30:05]} 15. Ng3 {[%clk 1:28:07]} h5 {[%clk 1:25:54]} 16. Bc4 {[%clk 1:25:23]}
h4 {[%clk 1:23:25]} 17. Nf1 {[%clk 1:25:29]} Qc5 {[%clk 1:22:17]} 18. Ne3 {[%clk
1:08:54]} Bh6 {[%clk 1:03:43]} 19. Qxd6 {[%clk 1:08:54]} Qxd6 {[%clk 1:01:42]}
20. Rxd6 {[%clk 1:09:16]} Bxe4 {[%clk 1:00:46]} 21. Ng4 {[%clk 0:56:06]} Bxf5
{[%clk 0:59:47]} 22. Nxf6+ {[%clk 0:51:24]} Ke7 {[%clk 0:57:17]} 23. Rb6 {[%clk
0:50:46]} h3 {[%clk 0:42:13]} 24. g4 {[%clk 0:41:08]} Be6 {[%clk 0:41:21]} 25.
Bxe6 {[%clk 0:39:23]} fxe6 {[%clk 0:41:03]} 26. Ne4 {[%clk 0:39:17]} Rhb8 {[%clk
0:38:32]} 27. Rxb8 {[%clk 0:36:21]} Rxb8 {[%clk 0:38:57]} 28. g5 {[%clk 0:36:30]}
Bg7 {[%clk 0:36:08]} 29. Rf1 {[%clk 0:30:32]} a5 {[%clk 0:13:09]} 30. Kc1 {[%clk
0:22:38]} Rh8 {[%clk 0:06:06]} 31. Kd2 {[%clk 0:21:15]} Rh4 {[%clk 0:05:47]} 32.
Ke3 {[%clk 0:21:20]} Rg4 {[%clk 0:03:20]} 33. c4 {[%clk 0:20:05]} Rg2 {[%clk
0:02:29]} 34. Rf2 {[%clk 0:20:22]} Rg1 {[%clk 0:02:52]} 35. c5 {[%clk 0:19:31]}
Re1+ {[%clk 0:03:05]} 36. Kd3 {[%clk 0:19:19]} Rd1+ {[%clk 0:03:20]} 37. Rd2
{[%clk 0:18:12]} Rc1 {[%clk 0:03:33]} 38. Rc2 {[%clk 0:17:57]} Rd1+ {[%clk
0:03:57]} 39. Ke2 {[%clk 0:17:56]} Rh1 {[%clk 0:01:57]} 40. Kf3 {[%clk 0:47:55]}
Rf1+ {[%clk 0:32:00]} 41. Kg3 {[%clk 0:48:00]} Re1 {[%clk 0:23:09]} 42. c6 {[%clk
0:46:45]} Re3+ {[%clk 0:23:33]} 43. Kf2 {[%clk 0:47:03]} Rxe4 {[%clk 0:23:49]}
44. c7 {[%clk 0:47:29]} Rf4+ {[%clk 0:24:15]} 45. Kg3 {[%clk 0:45:45]} Rf8 {[%clk
0:24:40]} 46. c8Q {[%clk 0:46:09]} Rxc8 {[%clk 0:25:07]} 47. Rxc8 {[%clk
0:46:32]} e4 {[%clk 0:25:13]} 48. b3 {[%clk 0:42:22]} Bd4 {[%clk 0:23:10]} 49.
Rc4 {[%clk 0:41:58]} e5 {[%clk 0:23:20]} 50. Kxh3 {[%clk 0:41:30]} e3 {[%clk
0:22:41]} 51. Rc2 {[%clk 0:41:14]} Bc3 {[%clk 0:19:46]} 52. Re2 {[%clk 0:41:11]}
Bd2 {[%clk 0:19:56]} 53. Kg4 {[%clk 0:41:30]} 1-0

[Event "Baku Chess Olympiad | Open"]
[Site "chess24.com"]
[Date "2016.09.03"]
[Round "2"]
[White "Galego, Luis"]
[Black "Kosic, Dragan"]
[Result "1/2-1/2"]
[Board "2"]
[WhiteID "1900072"]
[WhiteElo "2458"]
[WhiteTitle "GM"]
[WhiteCountry "POR"]
[WhiteFideId "1900072"]
[WhiteEloChange "1"]
[BlackID "900290"]
[BlackElo "2517"]
[BlackTitle "GM"]
[BlackCountry "MNE"]
[BlackFideId "900290"]
[BlackEloChange "-1"]

1. e4 {[%clk 1:30:44]} e6 {[%clk 1:30:50]} 2. d4 {[%clk 1:29:38]} d5 {[%clk
1:28:33]} 3. exd5 {[%clk 1:26:57]} exd5 {[%clk 1:28:54]} 4. Nf3 {[%clk 1:27:24]}
Bg4 {[%clk 1:27:21]} 5. h3 {[%clk 1:21:09]} Bh5 {[%clk 1:27:22]} 6. Bd3 {[%clk
1:16:23]} Bd6 {[%clk 1:25:36]} 7. O-O {[%clk 1:15:59]} Ne7 {[%clk 1:23:49]} 8.
Re1 {[%clk 1:15:36]} Nc6 {[%clk 1:21:35]} 9. c3 {[%clk 1:15:13]} Qd7 {[%clk
1:21:24]} 10. b4 {[%clk 1:12:22]} Bg6 {[%clk 1:18:12]} 11. Na3 {[%clk 1:03:00]}
Bxd3 {[%clk 1:13:32]} 12. Qxd3 {[%clk 1:03:25]} O-O {[%clk 1:13:41]} 13. Nb5
{[%clk 1:01:21]} Qf5 {[%clk 1:07:34]} 14. Qxf5 {[%clk 1:00:19]} Nxf5 {[%clk
1:08:00]} 15. g4 {[%clk 0:59:50]} a6 {[%clk 1:07:57]} 16. Nxc7 {[%clk 0:34:32]}
Nfxd4 {[%clk 1:07:08]} 17. Nxd4 {[%clk 0:34:44]} Bxc7 {[%clk 1:04:41]} 18. Be3
{[%clk 0:33:10]} Rfe8 {[%clk 1:00:46]} 19. Rad1 {[%clk 0:30:46]} Rad8 {[%clk
0:57:31]} 20. Kg2 {[%clk 0:22:46]} f6 {[%clk 0:54:44]} 21. Nb3 {[%clk 0:19:09]}
b6 {[%clk 0:53:13]} 22. a4 {[%clk 0:16:34]} Ne5 {[%clk 0:51:32]} 23. Bf4 {[%clk
0:14:29]} Bb8 {[%clk 0:49:35]} 24. a5 {[%clk 0:12:19]} bxa5 {[%clk 0:46:32]} 25.
Nxa5 {[%clk 0:12:47]} Kf7 {[%clk 0:44:37]} 26. Bg3 {[%clk 0:10:32]} Rc8 {[%clk
0:41:01]} 27. Rxd5 {[%clk 0:09:38]} Rxc3 {[%clk 0:41:07]} 28. Nb7 {[%clk
0:09:36]} g5 {[%clk 0:26:51]} 29. Nc5 {[%clk 0:08:10]} Ra3 {[%clk 0:22:54]} 30.
Re4 {[%clk 0:02:46]} Re7 {[%clk 0:19:43]} 31. Rd8 {[%clk 0:02:44]} Ba7 {[%clk
0:18:06]} 32. Bxe5 {[%clk 0:02:58]} fxe5 {[%clk 0:18:19]} 33. Rd5 {[%clk
0:03:02]} Bxc5 {[%clk 0:14:07]} 34. Rxc5 {[%clk 0:03:28]} Kf6 {[%clk 0:12:34]}
35. Rc6+ {[%clk 0:03:41]} Kg7 {[%clk 0:10:28]} 36. Rc5 {[%clk 0:03:58]} Kf6
{[%clk 0:10:18]} 37. Rc6+ {[%clk 0:04:22]} Kg7 {[%clk 0:10:42]} 38. Rc5 {[%clk
0:02:44]} 1/2-1/2

[Event "Baku Chess Olympiad | Open"]
[Site "chess24.com"]
[Date "2016.09.03"]
[Round "2"]
[White "Andreasen, Joan Hendrik"]
[Black "Iotov, Valentin"]
[Result "0-1"]
[Board "3"]
[WhiteID "7200110"]
[WhiteElo "2239"]
[WhiteCountry "FAI"]
[WhiteFideId "7200110"]
[WhiteEloChange "-3"]
[BlackID "2906074"]
[BlackElo "2518"]
[BlackTitle "GM"]
[BlackCountry "BUL"]
[BlackFideId "2906074"]
[BlackEloChange "2"]

1. d4 {[%clk 1:30:54]} d5 {[%clk 1:30:51]} 2. c4 {[%clk 1:30:58]} e6 {[%clk
1:31:17]} 3. Nc3 {[%clk 1:30:58]} Bb4 {[%clk 1:31:40]} 4. e3 {[%clk 1:31:01]} Nf6
{[%clk 1:26:49]} 5. Ne2 {[%clk 1:29:55]} O-O {[%clk 1:26:28]} 6. a3 {[%clk
1:29:23]} Be7 {[%clk 1:25:26]} 7. cxd5 {[%clk 1:26:53]} exd5 {[%clk 1:24:54]} 8.
Nf4 {[%clk 1:26:34]} Re8 {[%clk 1:15:37]} 9. Bd3 {[%clk 1:14:01]} c6 {[%clk
1:14:13]} 10. O-O {[%clk 1:12:51]} Bd6 {[%clk 1:05:35]} 11. Bd2 {[%clk 1:08:04]}
Nbd7 {[%clk 1:02:33]} 12. b4 {[%clk 1:01:50]} Nf8 {[%clk 0:55:33]} 13. Qc2 {[%clk
0:52:56]} Ng6 {[%clk 0:42:25]} 14. g3 {[%clk 0:44:55]} Ng4 {[%clk 0:37:36]} 15.
h3 {[%clk 0:36:40]} Nh6 {[%clk 0:37:27]} 16. Kg2 {[%clk 0:35:28]} Bxf4 {[%clk
0:31:03]} 17. exf4 {[%clk 0:32:56]} Qf6 {[%clk 0:30:48]} 18. Be3 {[%clk 0:26:01]}
Bf5 {[%clk 0:25:03]} 19. Rae1 {[%clk 0:23:23]} Nh4+ {[%clk 0:23:40]} 20. Kh1
{[%clk 0:11:05]} Nf3 {[%clk 0:23:39]} 21. Rc1 {[%clk 0:10:10]} Bxh3 {[%clk
0:22:31]} 22. Rfd1 {[%clk 0:10:28]} Nf5 {[%clk 0:21:28]} 0-1

[Event "Baku Chess Olympiad | Open"]
[Site "chess24.com"]
[Date "2016.09.03"]
[Round "2"]
[White "Morris, Charles F"]
[Black "Hassan Abubaker abdalmalik Ali"]
[Result "1/2-1/2"]
[Board "4"]
[WhiteID "1800140"]
[WhiteElo "2127"]
[WhiteCountry "WLS"]
[WhiteFideId "1800140"]
[WhiteEloChange "1"]
[BlackID "12201685"]
[BlackElo "2167"]
[BlackCountry "SUD"]
[BlackFideId "12201685"]
[BlackEloChange "-1"]

1. c4 {[%clk 1:30:57]} e5 {[%clk 1:30:37]} 2. g3 {[%clk 1:31:18]} Nf6 {[%clk
1:30:42]} 3. Bg2 {[%clk 1:31:41]} d5 {[%clk 1:30:50]} 4. cxd5 {[%clk 1:31:57]}
Nxd5 {[%clk 1:31:08]} 5. Nc3 {[%clk 1:32:14]} Nb6 {[%clk 1:31:17]} 6. Nf3 {[%clk
1:31:20]} Nc6 {[%clk 1:31:37]} 7. a3 {[%clk 1:28:37]} Be7 {[%clk 1:31:48]} 8. b4
{[%clk 1:28:24]} Be6 {[%clk 1:30:50]} 9. Rb1 {[%clk 1:19:47]} f6 {[%clk 1:28:50]}
10. O-O {[%clk 1:16:03]} O-O {[%clk 1:27:12]} 11. Re1 {[%clk 1:09:29]} Re8 {[%clk
1:26:08]} 12. d3 {[%clk 1:07:25]} Nd5 {[%clk 1:21:15]} 13. Bb2 {[%clk 1:04:47]}
Qd7 {[%clk 1:18:13]} 14. Nd2 {[%clk 0:57:36]} a5 {[%clk 1:16:05]} 15. b5 {[%clk
0:45:30]} Nd8 {[%clk 1:14:25]} 16. Nxd5 {[%clk 0:38:49]} Bxd5 {[%clk 1:14:26]}
17. Bxd5+ {[%clk 0:39:03]} Qxd5 {[%clk 1:14:39]} 18. Qb3 {[%clk 0:39:31]} Qxb3
{[%clk 1:14:00]} 19. Nxb3 {[%clk 0:39:58]} a4 {[%clk 1:13:55]} 20. Nd2 {[%clk
0:40:08]} Ne6 {[%clk 1:13:24]} 21. Nc4 {[%clk 0:39:16]} b6 {[%clk 1:10:34]} 22.
Bc3 {[%clk 0:38:20]} Red8 {[%clk 1:07:49]} 23. Red1 {[%clk 0:32:31]} Kf7 {[%clk
1:04:44]} 24. Kf1 {[%clk 0:31:58]} Nc5 {[%clk 0:56:11]} 25. Bb4 {[%clk 0:26:46]}
Nb3 {[%clk 0:55:40]} 26. Bxe7 {[%clk 0:25:40]} Kxe7 {[%clk 0:53:29]} 27. Nd2
{[%clk 0:26:07]} Nc5 {[%clk 0:50:23]} 28. Rdc1 {[%clk 0:22:35]} Rd7 {[%clk
0:49:52]} 29. Rc4 {[%clk 0:21:20]} Rad8 {[%clk 0:49:07]} 30. Rbb4 {[%clk
0:20:16]} f5 {[%clk 0:45:20]} 31. f4 {[%clk 0:18:09]} e4 {[%clk 0:43:54]} 32. d4
{[%clk 0:18:07]} Rd5 {[%clk 0:33:50]} 33. dxc5 {[%clk 0:10:53]} Rxd2 {[%clk
0:31:18]} 34. cxb6 {[%clk 0:10:11]} cxb6 {[%clk 0:31:19]} 35. Rxa4 {[%clk
0:10:34]} R8d7 {[%clk 0:26:40]} 36. Rc6 {[%clk 0:09:43]} R2d6 {[%clk 0:25:45]}
37. Rac4 {[%clk 0:08:33]} Rxc6 {[%clk 0:18:45]} 38. Rxc6 {[%clk 0:08:57]} Rd6
{[%clk 0:19:03]} 39. Rc4 {[%clk 0:09:18]} Ke6 {[%clk 0:18:57]} 40. Kf2 {[%clk
0:39:12]} Kd5 {[%clk 0:48:25]} 41. Rc1 {[%clk 0:38:37]} Rh6 {[%clk 0:42:28]} 42.
h4 {[%clk 0:38:37]} Kd4 {[%clk 0:41:59]} 43. e3+ {[%clk 0:38:25]} Kd5 {[%clk
0:37:57]} 44. Rc7 {[%clk 0:38:23]} Rg6 {[%clk 0:35:44]} 45. a4 {[%clk 0:36:47]}
Kd6 {[%clk 0:33:17]} 46. Rc3 {[%clk 0:31:27]} Kd5 {[%clk 0:33:00]} 47. Rc7 {[%clk
0:27:58]} Kd6 {[%clk 0:32:51]} 48. Rf7 {[%clk 0:28:24]} Ke6 {[%clk 0:31:09]} 49.
Ra7 {[%clk 0:27:01]} Kd5 {[%clk 0:28:51]} 50. a5 {[%clk 0:27:26]} Kc4 {[%clk
0:22:38]} 51. axb6 {[%clk 0:26:24]} Rxb6 {[%clk 0:22:02]} 52. Rxg7 {[%clk
0:26:31]} Rxb5 {[%clk 0:22:13]} 53. Rc7+ {[%clk 0:18:42]} Kd3 {[%clk 0:22:29]}
54. Rd7+ {[%clk 0:19:06]} Kc3 {[%clk 0:22:04]} 55. g4 {[%clk 0:17:29]} Rb2+
{[%clk 0:19:28]} 56. Kg3 {[%clk 0:17:51]} Re2 {[%clk 0:19:45]} 57. gxf5 {[%clk
0:18:15]} h5 {[%clk 0:19:40]} 58. Rd1 {[%clk 0:09:09]} Rxe3+ {[%clk 0:19:30]} 59.
Kg2 {[%clk 0:09:36]} Rf3 {[%clk 0:16:57]} 60. f6 {[%clk 0:08:10]} Rxf4 {[%clk
0:10:15]} 61. Rf1 {[%clk 0:08:35]} Rxf1 {[%clk 0:10:23]} 62. Kxf1 {[%clk
0:08:57]} Kd2 {[%clk 0:10:40]} 63. f7 {[%clk 0:09:10]} e3 {[%clk 0:11:07]} 64.
f8Q {[%clk 0:09:25]} e2+ {[%clk 0:11:20]} 65. Kg2 {[%clk 0:09:28]} e1Q {[%clk
0:11:27]} 66. Qb4+ {[%clk 0:09:11]} Ke2 {[%clk 0:11:42]} 67. Qxe1+ {[%clk
0:09:27]} Kxe1 {[%clk 0:11:58]} 68. Kf3 {[%clk 0:09:52]} Kd2 {[%clk 0:12:11]} 69.
Kf4 {[%clk 0:06:30]} Kd3 {[%clk 0:12:18]} 70. Kg5 {[%clk 0:06:04]} Ke4 {[%clk
0:12:30]} 71. Kxh5 {[%clk 0:06:29]} Kf5 {[%clk 0:12:44]} 1/2-1/2